00537nam a2200169 a 450000100060000000300090000600800410001502000170005604000280007308200190010110000250012024501190014526000230026430000100028765000350029765000350033224190CO-ViMGA141112s2004 ck r 000 u spa d a978958049763 aCO-ViMGAbspacCO-ViMGA04a324.2861 G874l1 aGutierrez, Francisco10aLo que el viento se llevo ? Los partidos politicos y la democracia en colombia 1958 - 2002 / cFrancisco Gutierrez aColombia : bNorma a518p.14aCOLOMBIA - POLITICO Y GOBIERNO14aPARTIDOS POLITICOS - COLOMBIA